| 000 | 00669nam a2200265Ia 4500 | ||
|---|---|---|---|
| 005 | 20260121170019.0 | ||
| 008 | 008 260114s9999 xx 000 0 eng d | ||
| 020 | _a9783319275703 | ||
| 037 | _aEBOOK | ||
| 040 | _aCRL | ||
| 040 | _beng | ||
| 040 | _cCRL | ||
| 041 | _2eng | ||
| 041 | _aeng | ||
| 084 | _qCRL | ||
| 100 |
_aMehmet Huseyin Bilgin, Hakan Danis _91058754 |
||
| 245 | 0 | _aEntrepreneurship, Business and Economics - Vol. 1 | |
| 260 | _bSpringer | ||
| 260 | _bSpringer | ||
| 260 | _c2016 | ||
| 856 | _uhttps://link.springer.com/openurl?genre=book&isbn=978-3-319-27570-3 | ||
| 942 | _cEBOOK | ||
| 999 |
_c1624483 _d1624483 |
||